[Event "Irish Championship 2015"]
[Site "Dublin IRL"]
[Date "2015.07.09"]
[Round "6.4"]
[White "O'Donnell, Conor"]
[Black "Palmer, Bernard"]
[Result "1-0"]
[WhiteTitle "FM"]
[WhiteElo "2263"]
[BlackElo "2022"]
[WhiteICU "2202"]
[BlackICU "1928"]
[WhiteClub "Gonzaga"]
[BlackClub "Dun Laoghaire"]
[WhiteNationality "IRL"]
[BlackNationality "IRL"]
[WhiteFideId "2504243"]
[BlackFideId "2500701"]
[PlyCount "57"]
[EventDate "2015.07.04"]

{ Source: <a
href="https://www.chess-results.com/tnr179720.aspx">Chess-Results.com</a>.
} { Event information: <a
href="https://www.irlchess.com/irlch2015_allfiles/pairings_irlch2015.html">Tournament
report</a>. }

1. d4 Nf6 2. c4 e6 3. Nc3 Bb4 4. e3 c5 5. Ne2 b6 6. a3 Ba5 7. Rb1 Qe7 8. g3
Bb7 9. d5 Na6 10. Bg2 exd5 11. O-O O-O 12. Nxd5 Nxd5 13. cxd5 d6 14. Qd3
Rac8 15. b3 c4 16. bxc4 Nc5 17. Qd4 Na4 18. Bb2 Nxb2 19. Rxb2 Ba6 20. Rc1
Rc5 21. Rbc2 Rfc8 22. Be4 Qd7 23. Qd3 g6 24. Nd4 Qa4 25. Nc6 Rc7 26. Qd4 b5
27. cxb5 Qxd4 28. exd4 Rxb5 29. a4 1-0

[Event "Irish Championship 2015"]
[Site "Dublin IRL"]
[Date "2015.07.09"]
[Round "6.5"]
[White "MacElligott, Gerard"]
[Black "Fox, Anthony"]
[Result "1-0"]
[WhiteTitle "CM"]
[WhiteElo "2062"]
[BlackElo "2035"]
[WhiteICU "1941"]
[BlackICU "2002"]
[WhiteClub "Elm Mount"]
[BlackClub "Dun Laoghaire"]
[WhiteNationality "IRL"]
[BlackNationality "IRL"]
[WhiteFideId "2500647"]
[BlackFideId "2500736"]
[PlyCount "109"]
[EventDate "2015.07.04"]

{ Source: <a
href="https://www.chess-results.com/tnr179720.aspx">Chess-Results.com</a>.
} { Event information: <a
href="https://www.irlchess.com/irlch2015_allfiles/pairings_irlch2015.html">Tournament
report</a>. }

1. Nf3 d5 2. c4 e6 3. g3 Nf6 4. Bg2 Be7 5. O-O O-O 6. d4 dxc4 7. Qc2 a6 8.
a4 Bd7 9. Qxc4 Bc6 10. Bf4 Nbd7 11. Nc3 Rc8 12. Rfd1 Qe8 13. Qb3 Nd5 14.
Bd2 Nxc3 15. Bxc3 Nf6 16. Ne5 Bxg2 17. Kxg2 Rb8 18. a5 Qd8 19. f3 Qd5 20.
Qa4 c6 21. e4 Qb5 22. Qxb5 cxb5 23. Rac1 Rfd8 24. Kf2 Rbc8 25. Ke3 Kf8 26.
Nd3 Ne8 27. Bb4 Bxb4 28. Nxb4 Nd6 29. b3 Ke7 30. g4 Rxc1 31. Rxc1 Rc8 32.
Rxc8 Nxc8 33. e5 Kd7 34. Ke4 Ne7 35. d5 exd5+ 36. Nxd5 Nc6 37. b4 Nd8 38.
f4 Nc6 39. f5 Nd8 40. h3 h6 41. h4 Nc6 42. g5 hxg5 43. hxg5 Nd8 44. Nb6+
Ke8 45. Kf4 Nc6 46. Nd5 Nd8 47. Ke4 Kd7 48. Nf4 Nc6 49. e6+ fxe6 50. Nxe6
Nxb4 51. Nxg7 Ke7 52. f6+ Kf7 53. Kf5 Nd5 54. g6+ Kg8 55. Ne6 1-0

[Event "Irish Championship 2015"]
[Site "Dublin IRL"]
[Date "2015.07.09"]
[Round "6.6"]
[White "Boland, Dylan"]
[Black "Harding, Tim"]
[Result "1/2-1/2"]
[WhiteElo "1682"]
[BlackElo "2085"]
[WhiteICU "1667"]
[BlackICU "1949"]
[WhiteClub "St. Benildus"]
[BlackClub "T.C.D."]
[WhiteNationality "IRL"]
[BlackNationality "IRL"]
[WhiteFideId "2507560"]
[BlackFideId "2500256"]
[PlyCount "204"]
[EventDate "2015.07.04"]

{ Source: <a
href="https://www.chess-results.com/tnr179720.aspx">Chess-Results.com</a>.
} { Event information: <a
href="https://www.irlchess.com/irlch2015_allfiles/pairings_irlch2015.html">Tournament
report</a>. }

1. Nf3 Nf6 2. d4 d5 3. c4 c6 4. Nc3 dxc4 5. a4 Bf5 6. Ne5 Nbd7 7. Nxc4 Qc7
8. g3 e5 9. dxe5 Nxe5 10. Bf4 Nfd7 11. Bg2 g5 12. Bxe5 Nxe5 13. Nxe5 Qxe5
14. Qb3 Qe7 15. O-O Qb4 16. Qxb4 Bxb4 17. e4 Be6 18. Rfd1 Ke7 19. Ne2 Bb3
20. Rd3 Bc2 21. Rd4 c5 22. Rd5 f6 23. e5 fxe5 24. Rxe5+ Kf6 25. Rd5 Rae8
26. Nc3 Bxc3 27. bxc3 b6 28. a5 Be4 29. Rd7 Bxg2 30. Kxg2 Re7 31. Rxe7 Kxe7
32. axb6 axb6 33. Ra6 Rb8 34. Ra7+ Kd6 35. Rxh7 Kd5 36. h4 gxh4 37. Rxh4 b5
38. Kf3 b4 39. cxb4 cxb4 40. Kg4 b3 41. Rh1 b2 42. Rb1 Ke4 43. f4 Kd3 44.
f5 Kc2 45. Rxb2+ Kxb2 46. f6 Kc3 47. Kf5 Kd4 48. Ke6 Rb6+ 49. Ke7 Ke5 50.
f7 Rb7+ 51. Ke8 Ke6 52. f8=N+ Kf5 53. Nd7 Ra7 54. Ke7 Ra6 55. Nc5 Rh6 56.
Nd7 Rg6 57. g4+ Rxg4 58. Kd6 Rd4+ 59. Kc6 Rd1 60. Nc5 Ke5 61. Nd7+ Ke6 62.
Nc5+ Ke7 63. Nb7 Rc1+ 64. Nc5 Rc2 65. Kd5 Rh2 66. Kd4 Kd6 67. Ne4+ Kc6 68.
Ke5 Rh5+ 69. Kd4 Rd5+ 70. Ke3 Rd8 71. Nd2 Kd5 72. Kd3 Rh8 73. Ke3 Rh2 74.
Nf3 Ra2 75. Kf4 Ra4+ 76. Ke3 Re4+ 77. Kf2 Re8 78. Kg3 Ke4 79. Kg4 Rf8 80.
Ng5+ Ke3 81. Ne6 Rf1 82. Ng5 Rf6 83. Nh3 Rf3 84. Ng5 Rf1 85. Nh3 Rh1 86.
Ng5 Rf1 87. Nh3 Rf8 88. Ng5 Rf4+ 89. Kh5 Rf6 90. Kg4 Rf4+ 91. Kh5 Rf5 92.
Kg4 Ra5 93. Nf3 Ra4+ 94. Kg3 Rf4 95. Ng5 Rb4 96. Nf3 Rb8 97. Ng5 Rg8 98.
Kg4 Rf8 99. Ne6 Rf1 100. Ng5 Rf2 101. Kg3 Rf5 102. Kg4 Rxg5+ 1/2-1/2

[Event "Irish Championship 2015"]
[Site "Dublin IRL"]
[Date "2015.07.09"]
[Round "6.7"]
[White "Kennedy, John P. A."]
[Black "O'Neill, Paul"]
[Result "1-0"]
[WhiteElo "2074"]
[BlackElo "1954"]
[WhiteICU "2017"]
[BlackICU "1728"]
[WhiteClub "Dublin"]
[BlackClub "Naomh Barr&oacute;g"]
[WhiteNationality "IRL"]
[BlackNationality "IRL"]
[WhiteFideId "2501120"]
[BlackFideId "2507692"]
[PlyCount "67"]
[EventDate "2015.07.04"]

{ Source: <a
href="https://www.chess-results.com/tnr179720.aspx">Chess-Results.com</a>.
} { Event information: <a
href="https://www.irlchess.com/irlch2015_allfiles/pairings_irlch2015.html">Tournament
report</a>. }

1. Nf3 Nf6 2. g3 g6 3. Bg2 Bg7 4. O-O O-O 5. d4 d6 6. a4 Nc6 7. a5 a6 8.
Re1 e5 9. e4 Rb8 10. h3 Re8 11. c3 exd4 12. Nxd4 d5 13. Nxc6 bxc6 14. Bg5
dxe4 15. Qxd8 Rxd8 16. Nd2 e3 17. Bxe3 Rxb2 18. Nc4 Rc2 19. Bxc6 Rxc3 20.
Rac1 Rxc1 21. Bxc1 Bxh3 22. Bf4 Be6 23. Nb6 Ne8 24. Bxe8 Rxe8 25. Nd5 c5
26. Nc7 Bc3 27. Rc1 Bb2 28. Rb1 Bf5 29. Rxb2 Re1+ 30. Kg2 Kg7 31. Rb8 f6
32. Ne8+ Kf7 33. Nd6+ Ke6 34. Re8+ 1-0

[Event "Irish Championship 2015"]
[Site "Dublin IRL"]
[Date "2015.07.09"]
[Round "6.8"]
[White "O'Gorman, Tom"]
[Black "Mulligan, Scott"]
[Result "1/2-1/2"]
[WhiteElo "1859"]
[BlackElo "1957"]
[WhiteICU "1861"]
[BlackICU "1947"]
[WhiteClub "Dun Laoghaire"]
[BlackClub "Rathmines"]
[WhiteNationality "IRL"]
[BlackNationality "IRL"]
[WhiteFideId "2508249"]
[BlackFideId "2507498"]
[PlyCount "95"]
[EventDate "2015.07.04"]

{ Source: <a
href="https://www.chess-results.com/tnr179720.aspx">Chess-Results.com</a>.
} { Event information: <a
href="https://www.irlchess.com/irlch2015_allfiles/pairings_irlch2015.html">Tournament
report</a>. }

1. d4 Nf6 2. c4 e6 3. Nf3 b6 4. e3 Bb4+ 5. Bd2 Qe7 6. Bd3 Bb7 7. a3 Bxd2+
8. Nbxd2 d5 9. cxd5 exd5 10. Nf1 O-O 11. Ng3 Ne4 12. Qc2 f5 13. Ne5 c5 14.
O-O Qd6 15. Nxf5 Rxf5 16. f3 cxd4 17. exd4 Rxe5 18. dxe5 Qc5+ 19. Kh1 Qxc2
20. Bxc2 Nc5 21. b4 Ne6 22. Rad1 a5 23. Bb3 axb4 24. axb4 Nc7 25. f4 Kf8
26. g4 Nba6 27. Rd4 Nb5 28. Bxd5 Nxd4 29. Bxb7 Ra7 30. Bxa6 Rxa6 31. Rd1
Ne6 32. f5 Ng5 33. Rd8+ Ke7 34. Rb8 Nf3 35. Rb7+ Kd8 36. Kg2 Nxe5 37. Rxg7
Ra4 38. h3 Rxb4 39. Rxh7 Nxg4 40. hxg4 Rxg4+ 41. Kf3 Rb4 42. f6 Ke8 43.
Re7+ Kf8 44. Rb7 Ke8 45. f7+ Kf8 46. Ke3 Rb1 47. Ke4 Rf1 48. Rxb6 1/2-1/2

[Event "Irish Championship 2015"]
[Site "Dublin IRL"]
[Date "2015.07.09"]
[Round "6.9"]
[White "Crichton, Martin"]
[Black "Li, Henry"]
[Result "0-1"]
[WhiteElo "1973"]
[BlackElo "1866"]
[BlackICU "1775"]
[WhiteClub "Transport for London ENG"]
[BlackClub "Rathmines"]
[WhiteNationality "IRL"]
[BlackNationality "IRL"]
[WhiteFideId "2500973"]
[BlackFideId "2508524"]
[PlyCount "82"]
[EventDate "2015.07.04"]

{ Source: <a
href="https://www.chess-results.com/tnr179720.aspx">Chess-Results.com</a>.
} { Event information: <a
href="https://www.irlchess.com/irlch2015_allfiles/pairings_irlch2015.html">Tournament
report</a>. }

1. c4 Nf6 2. Nc3 g6 3. g3 Bg7 4. Bg2 O-O 5. d3 d6 6. Nf3 e5 7. O-O Nc6 8.
Rb1 a5 9. a3 h6 10. b4 axb4 11. axb4 Be6 12. b5 Ne7 13. Nd2 c6 14. Bb2 Nd7
15. Ra1 d5 16. Rxa8 Qxa8 17. Qc2 f5 18. Ra1 Qd8 19. bxc6 bxc6 20. Ra7 f4
21. Nd1 fxg3 22. hxg3 Qb6 23. Qa4 Nc5 24. Qa3 Nf5 25. Ra5 Nb7 26. Ra6 Qc7
27. cxd5 Bc8 28. Rxc6 Qf7 29. Nc4 Re8 30. Qa7 Nd4 31. Bxd4 exd4 32. Be4 Bf5
33. f3 Bxe4 34. dxe4 d3 35. Kf2 Rxe4 36. exd3 Bd4+ 37. Qxd4 Rxd4 38. Rc8+
Kg7 39. d6 Nxd6 40. Rd8 Nxc4 41. Rxd4 Qa7 0-1

[Event "Irish Championship 2015"]
[Site "Dublin IRL"]
[Date "2015.07.10"]
[Round "7.1"]
[White "Fitzsimons, David"]
[Black "Jessel, Stephen"]
[Result "0-1"]
[WhiteTitle "FM"]
[BlackTitle "FM"]
[WhiteElo "2416"]
[BlackElo "2352"]
[WhiteICU "2337"]
[BlackICU "2274"]
[WhiteClub "Elm Mount"]
[BlackClub "V&eacute;sinet FRA"]
[WhiteNationality "IRL"]
[BlackNationality "IRL"]
[WhiteFideId "2501961"]
[BlackFideId "628859"]
[PlyCount "74"]
[EventDate "2015.07.04"]

{ Source: <a
href="https://www.chess-results.com/tnr179720.aspx">Chess-Results.com</a>.
} { Event information: <a
href="https://www.irlchess.com/irlch2015_allfiles/pairings_irlch2015.html">Tournament
report</a>. }

1. e4 e6 2. d4 d5 3. Nc3 Nf6 4. e5 Nfd7 5. f4 c5 6. Nf3 Nc6 7. Be3 cxd4 8.
Nxd4 Bc5 9. Qd2 O-O 10. O-O-O a6 11. Qf2 Qe7 12. Bd3 f6 13. exf6 Nxf6 14.
h3 Bd6 15. Kb1 Bd7 16. Rhe1 Rac8 17. g4 Nb4 18. Bf1 Rxc3 19. bxc3 Ne4 20.
Qf3 Nxc3+ 21. Kb2 Nxd1+ 22. Rxd1 e5 23. Nf5 Bxf5 24. gxf5 exf4 25. Bd4 Rxf5
26. h4 Nc6 27. Bc3 Bb4 28. Bg2 Bxc3+ 29. Qxc3 d4 30. Qd3 Rb5+ 31. Kc1 Qe3+
32. Qxe3 dxe3 33. Rd7 Ne5 34. Rc7 f3 35. Bh3 e2 36. Be6+ Kf8 37. Kd2 Rb1
0-1

[Event "Irish Championship 2015"]
[Site "Dublin IRL"]
[Date "2015.07.10"]
[Round "7.2"]
[White "Brady, Stephen"]
[Black "O'Donnell, Conor"]
[Result "1/2-1/2"]
[WhiteTitle "FM"]
[BlackTitle "FM"]
[WhiteElo "2349"]
[BlackElo "2263"]
[WhiteICU "2310"]
[BlackICU "2202"]
[WhiteClub "St. Benildus"]
[BlackClub "Gonzaga"]
[WhiteNationality "IRL"]
[BlackNationality "IRL"]
[WhiteFideId "2500124"]
[BlackFideId "2504243"]
[PlyCount "119"]
[EventDate "2015.07.04"]

{ Other information: Commentary: Colm Daly, <a
href="http://www.irishchessunion.net/?p=876">More Twists And Turns As
Pressure Increases In Round 7</a>, irishchessunion.net, July 10, 2015.
Video: <a href="https://player.vimeo.com/video/133193656">2015 Irish Ch Rd7
Brady versus O Donnell</a>, Colm Daly, July 10, 2015 (10 min., 5 sec.)
(starting after 51B). } { Source: <a
href="https://www.chess-results.com/tnr179720.aspx">Chess-Results.com</a>.
} { Event information: <a
href="https://www.irlchess.com/irlch2015_allfiles/pairings_irlch2015.html">Tournament
report</a>. }

1. e4 c5 2. c3 Nf6 3. e5 Nd5 4. d4 cxd4 5. Nf3 Nc6 6. Bc4 Nb6 7. Bb3 d5 8.
exd6 Qxd6 9. O-O Be6 10. Bxe6 Qxe6 11. Nxd4 Nxd4 12. Qxd4 Rd8 13. Qh4 Qe2
14. Nd2 e5 15. Qg3 f6 16. a4 Rd3 17. Nf3 Rd1 18. Nd2 Kf7 19. Rxd1 Qxd1+ 20.
Nf1 Nd5 21. Qf3 Qxf3 22. gxf3 Bc5 23. Be3 Rc8 24. a5 Ke6 25. Ra4 Rc7 26. c4
Ne7 27. Bxc5 Rxc5 28. Ne3 g5 29. Kf1 f5 30. b4 Rc8 31. c5 a6 32. Nc4 Rc7
33. Ke2 h5 34. Nd6 Nc6 35. Ke3 Nd4 36. h3 Kd5 37. Kd3 Ke6 38. Ke3 Kd5 39.
Kd3 f4 40. Ne8 Rc6 41. Nd6 Rc7 42. Ne8 Re7 43. Nf6+ Ke6 44. Ne4 Nxf3 45. c6
bxc6 46. Kc4 g4 47. hxg4 hxg4 48. Kc5 Kf5 49. Nd6+ Kg5 50. Ne4+ Kf5 51.
Nd6+ Kg6 52. Kxc6 e4 53. b5 e3 (53... g3 $19) 54. fxe3 fxe3 $2 (54... g3 $1
$19) 55. Rxg4+ Kh5 (55... Kh7 56. Rg2 axb5 57. Nxb5 e2 58. Rxe2 Rxe2 59. a6
$10) 56. Re4 $1 $10 Rxe4 57. Nxe4 Nd4+ 58. Kb6 Nxb5 59. Kxa6 Kh4 60. Nc5
1/2-1/2

[Event "Irish Championship 2015"]
[Site "Dublin IRL"]
[Date "2015.07.10"]
[Round "7.3"]
[White "MacElligott, Gerard"]
[Black "Short, Philip"]
[Result "0-1"]
[WhiteTitle "CM"]
[BlackTitle "FM"]
[WhiteElo "2062"]
[BlackElo "2294"]
[WhiteICU "1941"]
[BlackICU "2233"]
[WhiteClub "Elm Mount"]
[WhiteNationality "IRL"]
[BlackNationality "IRL"]
[WhiteFideId "2500647"]
[BlackFideId "2500086"]
[PlyCount "66"]
[EventDate "2015.07.04"]

{ Source: <a
href="https://www.chess-results.com/tnr179720.aspx">Chess-Results.com</a>.
} { Event information: <a
href="https://www.irlchess.com/irlch2015_allfiles/pairings_irlch2015.html">Tournament
report</a>. }

1. d4 Nf6 2. c4 e6 3. g3 d5 4. Nf3 Be7 5. Bg2 O-O 6. O-O a6 7. Qc2 dxc4 8.
Qxc4 b5 9. Qc2 Bb7 10. Bd2 Be4 11. Qc1 Nbd7 12. Ba5 Ra7 13. Nbd2 Bd5 14.
Qc2 Qa8 15. b4 Ne4 16. Rac1 Bd6 17. Nxe4 Bxe4 18. Ng5 Bxc2 19. Bxa8 Rfxa8
20. Rxc2 e5 21. Ne4 Bf8 22. Rfc1 exd4 23. Rxc7 Rxc7 24. Rxc7 Ne5 25. Nd2
Bd6 26. Rc1 d3 27. Ne4 Bf8 28. Bc7 Rc8 29. exd3 Nxd3 30. Rd1 Nxb4 31. Bd6
Nxa2 32. Ra1 Rc1+ 33. Rxc1 Nxc1 0-1

[Event "Irish Championship 2015"]
[Site "Dublin IRL"]
[Date "2015.07.10"]
[Round "7.4"]
[White "Kennedy, John P. A."]
[Black "Daly, Colm"]
[Result "0-1"]
[BlackTitle "FM"]
[WhiteElo "2074"]
[BlackElo "2319"]
[WhiteICU "2017"]
[BlackICU "2250"]
[WhiteClub "Dublin"]
[BlackClub "Bray/Greystones"]
[WhiteNationality "IRL"]
[BlackNationality "IRL"]
[WhiteFideId "2501120"]
[BlackFideId "2500434"]
[PlyCount "68"]
[EventDate "2015.07.04"]

{ Source: <a
href="https://www.chess-results.com/tnr179720.aspx">Chess-Results.com</a>.
} { Event information: <a
href="https://www.irlchess.com/irlch2015_allfiles/pairings_irlch2015.html">Tournament
report</a>. }

1. Nf3 Nf6 2. g3 d5 3. Bg2 c6 4. O-O Bg4 5. d3 e6 6. Qe1 Be7 7. e4 O-O 8.
h3 Bh5 9. g4 Bg6 10. Ne5 dxe4 11. Nxg6 hxg6 12. dxe4 e5 13. Be3 Nbd7 14.
Nc3 Nh7 15. Rd1 Qc7 16. g5 Rad8 17. h4 Rfe8 18. Qe2 Nhf8 19. Bh3 a5 20. Kg2
Bd6 21. h5 Nc5 22. Rh1 Nce6 23. Qg4 Nf4+ 24. Bxf4 exf4 25. Qh4 Be5 26. Bg4
gxh5 27. Qxh5 g6 28. Qh4 Rxd1 29. Nxd1 Qd8 30. f3 Qd2+ 31. Nf2 Qxc2 32. Kh3
Rd8 33. Rh2 Rd2 34. Bc8 Qc4 0-1

[Event "Irish Championship 2015"]
[Site "Dublin IRL"]
[Date "2015.07.10"]
[Round "7.5"]
[White "Harding, Tim"]
[Black "O'Connell, Gerard"]
[Result "1/2-1/2"]
[WhiteElo "2085"]
[BlackElo "2106"]
[WhiteICU "1949"]
[BlackICU "2000"]
[WhiteClub "T.C.D."]
[BlackClub "St. Benildus"]
[WhiteNationality "IRL"]
[BlackNationality "IRL"]
[WhiteFideId "2500256"]
[BlackFideId "2500493"]
[PlyCount "122"]
[EventDate "2015.07.04"]

{ Source: <a
href="https://www.chess-results.com/tnr179720.aspx">Chess-Results.com</a>.
} { Event information: <a
href="https://www.irlchess.com/irlch2015_allfiles/pairings_irlch2015.html">Tournament
report</a>. }

1. Nf3 Nf6 2. c4 g6 3. Nc3 d5 4. cxd5 Nxd5 5. e4 Nxc3 6. dxc3 Qxd1+ 7. Kxd1
Bg7 8. Bf4 c6 9. h3 Nd7 10. Bd3 Nc5 11. Bc2 Be6 12. Nd2 O-O 13. Ke2 f5 14.
Be3 Nd7 15. Bb3 Bf7 16. f4 e5 17. fxe5 Nxe5 18. Rhf1 fxe4 19. Bxf7+ Rxf7
20. Rxf7 Nxf7 21. Rf1 Re8 22. Nc4 a6 23. Rxf7 Kxf7 24. Nd6+ Ke7 25. Nxe8
Kxe8 26. Bf4 b5 27. Ke3 b4 28. cxb4 Bxb2 29. Kxe4 Bc3 30. Bd6 Kd7 31. Bc5
Ke6 32. g4 Bb2 33. a4 Bf6 34. Bf2 Bc3 35. Bc5 Bb2 36. Bf8 Kf6 37. Bc5 Ke6
38. Bd4 Bc1 39. Bc3 Bg5 40. Bd4 Bd2 41. Bc5 Be1 42. Bf8 Bg3 43. Kd4 Bf2+
44. Ke4 Bb6 45. Bg7 h5 46. Bd4 Bc7 47. gxh5 gxh5 48. Bc5 Be5 49. Bd4 Bc7
50. Bc5 Bg3 51. Be3 Be1 52. Bc5 Bc3 53. Kd3 Be5 54. Kc4 Kf5 55. Be7 Ke6 56.
Bh4 Bd6 57. Bf2 Kf5 58. Bc5 Bf4 59. Be7 Be3 60. Bc5 Bf4 61. Be7 Be3 1/2-1/2

[Event "Irish Championship 2015"]
[Site "Dublin IRL"]
[Date "2015.07.10"]
[Round "7.6"]
[White "Palmer, Bernard"]
[Black "Boland, Dylan"]
[Result "1/2-1/2"]
[WhiteElo "2022"]
[BlackElo "1682"]
[WhiteICU "1928"]
[BlackICU "1667"]
[WhiteClub "Dun Laoghaire"]
[BlackClub "St. Benildus"]
[WhiteNationality "IRL"]
[BlackNationality "IRL"]
[WhiteFideId "2500701"]
[BlackFideId "2507560"]
[PlyCount "86"]
[EventDate "2015.07.04"]

{ Source: <a
href="https://www.chess-results.com/tnr179720.aspx">Chess-Results.com</a>.
} { Event information: <a
href="https://www.irlchess.com/irlch2015_allfiles/pairings_irlch2015.html">Tournament
report</a>. }

1. c4 Nf6 2. g3 e5 3. d4 exd4 4. Qxd4 Nc6 5. Qd1 h6 6. Nc3 Bc5 7. Bg2 d6 8.
Nf3 Rb8 9. O-O a6 10. Nd5 Bf5 11. b3 O-O 12. Bb2 Nd7 13. Qd2 Nde5 14. Nh4
Bh7 15. h3 b5 16. cxb5 axb5 17. Kh2 Ne7 18. f4 Nxd5 19. Qxd5 Nd7 20. f5 Nf6
21. Qd3 Re8 22. e4 Qe7 23. Rae1 Nd7 24. f6 Nxf6 25. Bxf6 gxf6 26. Qd2 Kg7
27. Rf5 Bg6 28. Rh5 Rh8 29. Nf5+ Bxf5 30. exf5 Qf8 31. Bc6 b4 32. Re4 Rh7
33. Rg4+ Kh8 34. Rgh4 Rb6 35. Rxh6 Rxh6 36. Rxh6+ Kg7 37. Rh4 Kg8 38. Qe2
Rxc6 39. Qh5 Qg7 40. Rg4 Ra6 41. Rxg7+ Kxg7 42. Qe2 Ra8 43. Qc2 Re8 1/2-1/2

[Event "Irish Championship 2015"]
[Site "Dublin IRL"]
[Date "2015.07.10"]
[Round "7.7"]
[White "Li, Henry"]
[Black "O'Gorman, Tom"]
[Result "1/2-1/2"]
[WhiteElo "1866"]
[BlackElo "1859"]
[WhiteICU "1775"]
[BlackICU "1861"]
[WhiteClub "Rathmines"]
[BlackClub "Dun Laoghaire"]
[WhiteNationality "IRL"]
[BlackNationality "IRL"]
[WhiteFideId "2508524"]
[BlackFideId "2508249"]
[PlyCount "117"]
[EventDate "2015.07.04"]

{ Source: <a
href="https://www.chess-results.com/tnr179720.aspx">Chess-Results.com</a>.
} { Event information: <a
href="https://www.irlchess.com/irlch2015_allfiles/pairings_irlch2015.html">Tournament
report</a>. }

1. e4 d5 2. exd5 Nf6 3. Nf3 Qxd5 4. Nc3 Qd6 5. Bc4 Bg4 6. h3 Bh5 7. d3 Nc6
8. g4 Bg6 9. Nb5 Qd7 10. Bf4 Rc8 11. Qe2 a6 12. Nc3 e6 13. O-O-O Bb4 14.
Ne4 Nd5 15. Bg3 b5 16. Bb3 Na5 17. Ne5 Qe7 18. c3 Bd6 19. Bxd5 Bxe5 20.
Bxe5 exd5 21. Bxg7 Bxe4 22. dxe4 Qg5+ 23. Qe3 Qxg7 24. Qc5 Qh6+ 25. Kc2 Qd6
26. Qxd6 cxd6 27. Rxd5 Ke7 28. Rhd1 Rhd8 29. Rh5 Nc6 30. f4 Rh8 31. b3 Nd8
32. e5 Nb7 33. exd6+ Nxd6 34. h4 f6 35. Rhd5 Rc6 36. Re1+ Kd7 37. Kd3 Rhc8
38. Rc1 Rg8 39. g5 f5 40. c4 Rd8 41. Re1 bxc4+ 42. bxc4 Rdc8 43. Rc1 Rc5
44. Rxc5 Rxc5 45. Kd4 Kc6 46. h5 Ne4 47. h6 Kc7 48. g6 Rc6 49. Rg1 hxg6 50.
h7 Rd6+ 51. Ke5 Rd8 52. Rxg6 Rh8 53. Rxa6 Nc5 54. Rh6 Nd7+ 55. Kxf5 Nf8 56.
Rf6 Nxh7 57. Rf7+ Kd6 58. Kg6 Rf8 59. Rxh7 1/2-1/2

[Event "Irish Championship 2015"]
[Site "Dublin IRL"]
[Date "2015.07.10"]
[Round "7.8"]
[White "O'Rourke, Ray"]
[Black "Fox, Anthony"]
[Result "0-1"]
[WhiteElo "1984"]
[BlackElo "2035"]
[WhiteICU "1847"]
[BlackICU "2002"]
[WhiteClub "Bray/Greystones"]
[BlackClub "Dun Laoghaire"]
[WhiteNationality "IRL"]
[BlackNationality "IRL"]
[WhiteFideId "2501023"]
[BlackFideId "2500736"]
[PlyCount "84"]
[EventDate "2015.07.04"]

{ Source: <a
href="https://www.chess-results.com/tnr179720.aspx">Chess-Results.com</a>.
} { Event information: <a
href="https://www.irlchess.com/irlch2015_allfiles/pairings_irlch2015.html">Tournament
report</a>. }

1. e4 e5 2. Nf3 Nc6 3. Bb5 a6 4. Ba4 Nf6 5. O-O Be7 6. Re1 b5 7. Bb3 d6 8.
c3 O-O 9. h3 Bb7 10. Bc2 Re8 11. a4 Bf8 12. axb5 axb5 13. Rxa8 Qxa8 14. b4
Nb8 15. d3 Nbd7 16. Na3 c6 17. Bb3 h6 18. Nh4 Qd8 19. Nf5 Bc8 20. Qf3 Nb6
21. Qg3 Bxf5 22. exf5 Nfd5 23. Bd2 Kh7 24. c4 bxc4 25. dxc4 Nf6 26. Be3 d5
27. c5 Nbd7 28. Bc1 Qb8 29. Nc2 Qb5 30. Bd2 Ra8 31. Bc3 Bxc5 32. Bxe5 Bxb4
33. Nd4 Qb6 34. Rd1 Nxe5 35. Qxe5 Bc3 36. Rd3 Re8 37. Qf4 Re4 38. Qf3 Bxd4
39. Bc2 Bxf2+ 40. Kh2 Qc7+ 41. g3 Bxg3+ 42. Qxg3 Re2+ 0-1

[Event "Irish Championship 2015"]
[Site "Dublin IRL"]
[Date "2015.07.10"]
[Round "7.9"]
[White "O'Neill, Paul"]
[Black "Crichton, Martin"]
[Result "0-1"]
[WhiteElo "1954"]
[BlackElo "1973"]
[WhiteICU "1728"]
[WhiteClub "Naomh Barr&oacute;g"]
[BlackClub "Transport for London ENG"]
[WhiteNationality "IRL"]
[BlackNationality "IRL"]
[WhiteFideId "2507692"]
[BlackFideId "2500973"]
[PlyCount "90"]
[EventDate "2015.07.04"]

{ Source: <a
href="https://www.chess-results.com/tnr179720.aspx">Chess-Results.com</a>.
} { Event information: <a
href="https://www.irlchess.com/irlch2015_allfiles/pairings_irlch2015.html">Tournament
report</a>. }

1. e4 c6 2. Nc3 d5 3. Nf3 Bg4 4. h3 Bxf3 5. Qxf3 Nf6 6. e5 Nfd7 7. d4 e6 8.
Be3 c5 9. Bb5 a6 10. Bxd7+ Nxd7 11. a4 Qb6 12. O-O-O Rc8 13. Qg3 g6 14. f4
cxd4 15. Bxd4 Bc5 16. Ne2 O-O 17. Qf2 Rc7 18. g4 Rfc8 19. Rd2 Bxd4 20. Nxd4
Nc5 21. h4 Ne4 22. Qh2 Nxd2 23. Qxd2 Rc4 24. Rd1 Rxa4 25. Kb1 Qa5 26. Qxa5
Rxa5 27. f5 exf5 28. gxf5 Re8 29. e6 fxe6 30. Nxe6 gxf5 31. Nc7 Re4 32. h5
Rea4 33. c3 Ra1+ 34. Kc2 Rxd1 35. Kxd1 Ra1+ 36. Kc2 Rh1 37. h6 Rxh6 38.
Nxd5 Kf7 39. Kd3 Rd6 40. Kd4 Ke6 41. c4 Rxd5+ 42. cxd5+ Kd6 43. b4 f4 44.
Ke4 f3 45. Kxf3 Kxd5 0-1